00481cam a2200145 a 4500020001500000020002200015040000800037082002600045100001800071245009900089260007700188300003500265650001700300650001800317 a0521413540 a0521424089 (pbk.) cDLC00a330 CAM 1999 A063 Or.1 aSpanos, Aris,10aProbability theory and statistical inference :beconometric modeling with observational data / aCambridge, UK ;aNew York, NY, USA :bCambridge University Press,cc1999 axxvii, 815 p. :bill. ;c25 cm 0aEconometrics 0aProbabilities